<?xml version="1.0" encoding="UTF-8"?>
<record
    xmlns:xsi="http://www.w3.org/2001/XMLSchema-instance"
    xsi:schemaLocation="http://www.loc.gov/MARC21/slim http://www.loc.gov/standards/marcxml/schema/MARC21slim.xsd"
    xmlns="http://www.loc.gov/MARC21/slim">

  <leader>00509cam a22001695i 4500</leader>
  <controlfield tag="001">19693543</controlfield>
  <controlfield tag="005">20170811102919.0</controlfield>
  <controlfield tag="008">170607s2017    ii            000 0 eng  </controlfield>
  <datafield tag="020" ind1=" " ind2=" ">
    <subfield code="a">9789352641024</subfield>
  </datafield>
  <datafield tag="040" ind1=" " ind2=" ">
    <subfield code="c">PK-LaUMT</subfield>
  </datafield>
  <datafield tag="082" ind1=" " ind2=" ">
    <subfield code="a">954.0359</subfield>
    <subfield code="b">SHA-R</subfield>
  </datafield>
  <datafield tag="100" ind1=" " ind2=" ">
    <subfield code="a">Sharma, Arvind</subfield>
  </datafield>
  <datafield tag="245" ind1="0" ind2="4">
    <subfield code="a">The ruler's gaze :</subfield>
    <subfield code="b">a study of British rule over India from a Saidian perspective /</subfield>
    <subfield code="c">Arvind Sharma</subfield>
  </datafield>
  <datafield tag="260" ind1=" " ind2=" ">
    <subfield code="a">Noida, India :</subfield>
    <subfield code="b">HarperCollins Publishers India,</subfield>
    <subfield code="c">2017</subfield>
  </datafield>
  <datafield tag="300" ind1=" " ind2=" ">
    <subfield code="a">viii, 427 p.</subfield>
  </datafield>
  <datafield tag="942" ind1=" " ind2=" ">
    <subfield code="c">BK</subfield>
  </datafield>
  <datafield tag="999" ind1=" " ind2=" ">
    <subfield code="c">96956</subfield>
    <subfield code="d">96956</subfield>
  </datafield>
  <datafield tag="952" ind1=" " ind2=" ">
    <subfield code="0">0</subfield>
    <subfield code="1">0</subfield>
    <subfield code="4">0</subfield>
    <subfield code="7">0</subfield>
    <subfield code="a">01</subfield>
    <subfield code="b">01</subfield>
    <subfield code="d">2017-08-11</subfield>
    <subfield code="l">1</subfield>
    <subfield code="o">954.0359 SHA-R</subfield>
    <subfield code="p">112496</subfield>
    <subfield code="r">2024-01-29 00:00:00</subfield>
    <subfield code="s">2024-01-18</subfield>
    <subfield code="w">2017-08-11</subfield>
    <subfield code="y">BK</subfield>
  </datafield>
</record>
